Tratado de patología quirúrgica de la infancia (Record no. 72849)

MARC details
000 -LEADER
campo de control de longitud fija 00813nam a2200217 i 4500
001 - NÚMERO DE CONTROL
campo de control 72849
003 - IDENTIFICADOR DE NÚMERO DE CONTROL
campo de control ES-MaACL
005 - FECHA Y HORA DE LA ÚLTIMA TRANSACCIÓN
campo de control 20230906171558.0
007 - CAMPO FIJO DE DESCRIPCIÓN FÍSICA--INFORMACIÓN GENERAL
campo de control de longitud fija t|
008 - DATOS DE LONGITUD FIJA--INFORMACIÓN GENERAL
campo de control de longitud fija 040903s1932 sp ||||1| spa d
100 1# - ENTRADA PRINCIPAL--NOMBRE DE PERSONA
Nombre de persona Gohrbandt, Erwin.
9 (RLIN) 57601
245 10 - MENCIÓN DEL TÍTULO
Título Tratado de patología quirúrgica de la infancia
Resto del título : con capítulos especiales de Medicina, Higiene y Ortopedia infantiles /
Mención de responsabilidad, etc. por Erwin Gohrbandt, Paul Karger, Ernst Bergmann ; traducido del alemán por G. Vidal Jordana y E. Salazar.
260 ## - PUBLICACIÓN, DISTRIBUCIÓN, ETC.
Lugar de publicación, distribución, etc. Barcelona :
Nombre del editor, distribuidor, etc. [s.n.,
Fecha de publicación, distribución, etc. 1932] (
Fabricante Clarasó)
300 ## - DESCRIPCIÓN FÍSICA
Extensión 738 p. ;
Dimensiones 25 cm.
700 1# - ENTRADA AGREGADA--NOMBRE PERSONAL
Nombre de persona Karger, Paul.
9 (RLIN) 67559
700 0# - ENTRADA AGREGADA--NOMBRE PERSONAL
Nombre de persona Bergmann, E. von.
9 (RLIN) 27996
700 0# - ENTRADA AGREGADA--NOMBRE PERSONAL
Nombre de persona Vidal Jordana, Gregorio.
9 (RLIN) 114495
700 1# - ENTRADA AGREGADA--NOMBRE PERSONAL
Nombre de persona Salazar, E.
9 (RLIN) 101806
852 ## - LOCALIZACIÓN
Ubicación ES-MaACL
Número de control de estantería E-994
852 ## - LOCALIZACIÓN
Ubicación ES-MaACL
Número de control de estantería A-5073
Sublocalización o colección R.27070
Holdings
Estatus retirado Estado de pérdida Estado de daño No para préstamo Biblioteca de origen Biblioteca actual Ubicación en estantería Fecha de adquisición Fuente de adquisición Total de préstamos Signatura topográfica completa Código de barras Visto por última vez Precio de reemplazo Tipo de ítem Koha
        Biblioteca del Ateneo de Madrid Biblioteca del Ateneo de Madrid Sala Pecera Planta 1 17/01/2008     A-5073 1076258 23/02/2023 23/02/2023 Libro impreso
        Biblioteca del Ateneo de Madrid Biblioteca del Ateneo de Madrid Depósito 2 17/01/2008     E-994 1076257 23/02/2023 23/02/2023 Libro impreso